000 03428cam a2200253 a 4500
001 013664028
003 UkOxU
005 20230215110236.0
008 230215s1999 enka 001 0 eng d
020 _a9780754610526
082 0 _a333.31
_221
245 0 0 _aLand reform and sustainable development /
_cedited by Robert W. Dixon-Gough.
260 _aAldershot :
_bAshgate,
_c1999.
300 _axi, 305 p. :
_bill. ;
_c23 cm.
504 _aIncludes bibliographical references and index.
520 _aComparison between the state of land reform in 1999 and sustainable development across greater Europe. The chapters are broadly divided into those related to the established systems of land reform and sustainable development encountered in Western Europe, and those which concentrate upon the evolving systems which are currently in the process of development in the former communist states of Eastern and Central Europe. The book is based on the papers presented at the 21st International Symposium of the European Faculty of Land Use and Development.
520 _a1. Land Reform: the Key to Sustainable Development. R. W. Dixon-Gough. 2. The Naturalists’ Dilemma and some Ecological Consequences for Development. H. Lenk. 3. Ecological Land Development and Multidisciplinary Research. G. Leidig. 4. Recent Developments in Multifunctional Rural Land Development in The Netherlands with Respect to Legal Instruments. J.K.B. Sonnenberg. 5. Sustainable Development and Land Consolidation. A. van den Brink. 6. Public and Legally-Binding Databases for Natural Resources. G. Stolitzka and R. Mansberger. 7. Geographical Informational Systems and Environmental Modelling for Sustainable Development. A. Brimicombe. 8. Institutional Systems of Agrarian Reform. P. Trappe. 9. The Necessary Foundations of Land Reform: Some Painful Post-Soviet Experiences. C. Arnison. 10. The Privatisation and Restitution Process in the Czech Republic. J. Rydval and I. Pesl. 11. Conceptions of Rural Planning Following Land Privatisation in Hungary. J. Nyiri and R. W. Rixon-Dough. 12. Land Tenure and Land Reform in South Dobrudja (North East Bulgaria). G. Andonov, M. Rizov and K. Batanov. 13. Land Reform and the Land Market in Bulgaria. G. Andonov and M. Rizov. 14. Sustainability as a Principle in Spatial Development? Questions for Policy and Education. F.B. Rosman. 15. Spatial Planning – a Key to Sustainability? G. Weber. 16. Integrated Agrarian Structures and Regional Development. E.C. Läpple. 17. The Ecological Scores Model of Lower Austria – a Programme to Foster Sustainable Cultural Landscape Development? W. Seher. 18. The Alpine Waterscape – Sustainable Tourism and Industrial Development in Lago d’Iseo. W. G. O. Zwirner. 19. Marinas and Sustainable Development: Making the Most out of Marinas. D. Williams. 20. Realisation of New Urban Areas and Sustainable Development. H. W. de Wolff. 21. The Railway Town: a Case Study in Sustainable Urban Development. R. W. Dixon-Gough. 22. Violence and the Urban Environment – Reform and Development of the Housing Stock. D. C. Doughty. 23. Sustainable Development in the Thames Gateway. R. Home. 24. Reclamation of Abandoned Land Leading to Sustainable Development. R. K. Bullard.
650 0 _aLand reform
650 0 _aSustainable development
700 1 _aDixon-Gough, R. W.
760 _b1st
830 0 _aInternational land management series
942 _2ddc
999 _c121375
_d121375